[Event "FRA-ch U12"]
[Site "Montlucon"]
[Date "2011.04.17"]
[Round "1"]
[White "Assou Vaudry, Antoine"]
[Black "Ginovart, Axel"]
[Result "0-1"]
[WhiteElo "1558"]
[BlackElo "1802"]
[PlyCount "42"]
[EventDate "2011.04.17"]
[EventType "swiss"]
[EventRounds "9"]
[EventCountry "FRA"]
[SourceTitle "CBM 142 Extra"]
[Source "ChessBase"]
[SourceDate "2011.06.27"]
[SourceVersion "1"]
[SourceVersionDate "2011.06.27"]
[SourceQuality "1"]

1. d4 d5 2. c4 e5 3. dxe5 d4 4. Nf3 Nc6 5. Bg5 Be7 6. Bxe7 Ngxe7 7. g3 Ng6 8. Bg2 Ngxe5 9. Nxe5 Nxe5 10. Nd2 d3 11. 0-0 0-0 12. exd3 Qxd3 13. Be4 Qd4 14. Re1 c6 15. Bxh7+ Kxh7 16. Qh5+ Kg8 17. Nb3 Qxb2 18. Rxe5 Bg4 19. Qxg4 Qxe5 20. Rd1 Rad8 21. Rxd8 Rxd8 0-1